Statistics for Maldivian Destinations-Male

Click here to take the quiz!

General Stats

  • This quiz has been taken 3 times
  • The average score is 3 of 20

Answer Stats

Country Airport % Correct
BangladeshDhaka
100%
ThailandBangkok
100%
MaldivesGan Island
50%
ChinaXi'an
50%
ChinaChongqing
0%
MaldivesThimarafushi Island
0%
MaldivesKoodoo Island
0%
MaldivesKadhdhoo Island
0%
MaldivesKaadedhdhoo Island
0%
MaldivesIfuru Island
0%
MaldivesHanimaadhoo Island
0%
MaldivesFuvahmulah Island
0%
ChinaHangzhou
0%
ChinaChengdu
0%
MaldivesDhaalu Island
0%
IndiaThiruvananthapuram
0%
IndiaChennai
0%
ChinaWuhan
0%
ChinaNanjing
0%
MaldivesDharanvandhoo Island
0%

Score Distribution

Percentile by Number Answered

Percent of People with Each Score

Your Score History

You have not taken this quiz